000 00902nam a22002777a 4500
001 000584720
003 DO-SdBNP
005 20180216090341.0
007 000584720
008 161205b 1987 sp a ||||| |||| 00| 0 spa d
020 _a847374005X
040 _aBPMSU
_bspa
_cBPMSU
082 _axxxx
_bxxxx
100 1 _aCurtis, Annabelle
245 1 0 _aCómo hacer juegos con papel :
_bcosas que se pueden hacer con papel, cartón y cartulina /
_cescrito y proyectado por Annabelle Curtis y Judy Hindley ; ilustrado por Colin King.
260 _aMadrid :
_bPlesa,
_c1987.
300 _a47 p. :
_bil. ;
_c28 cm.
490 1 _aCómo hacer.
500 _aSubtítulo tomado de la carátula.
700 1 _aHindley, Judy
700 1 _aKing, Colin,
_eil.
830 0 _aCómo hacer.
942 _2ddc
_cBK
945 _ainventariado, 2018 / dg
956 _2LOPEREZ
_310
_620161207
_8BPMSU
_a00041
999 _c12352
_d12352